|
|
|
|
| LEADER |
00795nam a2200229 a 4500 |
| 001 |
000584260 |
| 003 |
CZ BrMZK |
| 005 |
20060412061831.0 |
| 008 |
010825s1932 xr f cze d |
| 015 |
|
|
|a cnb000936953
|
| 035 |
|
|
|a (OCoLC)85515826
|
| 040 |
|
|
|a BOA001
|b cze
|c BOA001
|
| 100 |
1 |
|
|a Konvička, Jaroslav
|7 jx20050722027
|4 aut
|
| 245 |
1 |
0 |
|a Nepřímé vyučování vlastivědě kresebnými testy a náčrty /
|c Jaroslav Konvička
|
| 260 |
|
|
|a Praha :
|b Státní nakladatelství,
|c 1932
|
| 300 |
|
|
|a 40 s.
|
| 490 |
1 |
|
|a Osnovy a praxe ;
|v sv. 9
|
| 830 |
|
0 |
|a Osnovy a praxe
|0 s
|
| 910 |
|
|
|a BOA001
|b PK-II-0007.692
|
| 964 |
|
|
|a Vlastivěda - náčrty - příručky pro školy
|
| 990 |
|
|
|a BK
|
| 996 |
7 |
|
|b 3119677374
|c PK-II-0007.692
|l MZK
|r Sklad / do 1 hodiny
|n 1
|w 000584260
|u 000010
|a 1
|e BOA001
|j MZK50
|s A
|